<?xml version="1.0" encoding="UTF-8"?><?xml-stylesheet type="text/xsl" href="static/style.xsl"?><OAI-PMH xmlns="http://www.openarchives.org/OAI/2.0/" xmlns:xsi="http://www.w3.org/2001/XMLSchema-instance" xsi:schemaLocation="http://www.openarchives.org/OAI/2.0/ http://www.openarchives.org/OAI/2.0/OAI-PMH.xsd"><responseDate>2026-06-01T09:53:57Z</responseDate><request verb="GetRecord" identifier="oai:riuma.uma.es:10630/34327" metadataPrefix="marc">https://riuma.uma.es/rest/oai/request</request><GetRecord><record><header><identifier>oai:riuma.uma.es:10630/34327</identifier><datestamp>2026-02-03T11:00:53Z</datestamp><setSpec>com_10630_2254</setSpec><setSpec>col_10630_37953</setSpec></header><metadata><record xmlns="http://www.loc.gov/MARC21/slim" xmlns:dcterms="http://purl.org/dc/terms/" xmlns:doc="http://www.lyncode.com/xoai" xmlns:xsi="http://www.w3.org/2001/XMLSchema-instance" xsi:schemaLocation="http://www.loc.gov/MARC21/slim http://www.loc.gov/standards/marcxml/schema/MARC21slim.xsd">
   <leader>00925njm 22002777a 4500</leader>
   <datafield ind2=" " ind1=" " tag="042">
      <subfield code="a">dc</subfield>
   </datafield>
   <datafield ind2=" " ind1=" " tag="720">
      <subfield code="a">Girón-Gambero, Jesús Ramón</subfield>
      <subfield code="e">author</subfield>
   </datafield>
   <datafield ind2=" " ind1=" " tag="720">
      <subfield code="a">Lupión-Cobos, Teresa</subfield>
      <subfield code="e">author</subfield>
   </datafield>
   <datafield ind2=" " ind1=" " tag="720">
      <subfield code="a">Blanco-López, Ángel</subfield>
      <subfield code="e">author</subfield>
   </datafield>
   <datafield ind2=" " ind1=" " tag="260">
      <subfield code="c">2015-04-01</subfield>
   </datafield>
   <datafield ind2=" " ind1=" " tag="520">
      <subfield code="a">Este trabajo se centra en el aprendizaje de modelos utilizando como recurso didáctico la publicidad sobre alimentos. La investigación se ha llevado a cabo con el objetivo de estudiar el desempeño del alumnado en el análisis de un video publicitario en un contexto real de aula, mediante un estudio de caso en 3º de Educación Secundaria Obligatoria. Se utiliza un anuncio televisivo que incluye un modelo para explicar cómo actúa un conocido producto probiótico en el organismo. Para obtener datos y evidencias se han utilizado el diario del profesor, grabaciones en vídeo de las clases y los cuadernos de trabajo de los estudiantes. En los resultados se destacan los elementos más fácilmente interpretables y las dificultades del alumnado para comprender el modelo del anuncio. Finalmente, como implicación educativa, se formulan algunas ideas que podrían formar parte de un modelo escolar que explique cómo actúan las defensas en el intestino humano, integrando aquellos aspectos positivos identificados en el anuncio con algunos elementos de los propios modelos de los alumnos y las ideas científicas al respecto.</subfield>
   </datafield>
   <datafield ind1="8" ind2=" " tag="024">
      <subfield code="a">Girón, J.R., Blanco, A., y Lupión, T. (2015). Uso de la publicidad de un producto alimenticio para aprender un modelo sobre las defensas en el intestino humano. Un estudio en 3º de ESO. Revista Eureka sobre Enseñanza y Divulgación de las Ciencias. 12 (2), 278-293</subfield>
   </datafield>
   <datafield ind1="8" ind2=" " tag="024">
      <subfield code="a">https://hdl.handle.net/10630/34327</subfield>
   </datafield>
   <datafield ind1="8" ind2=" " tag="024">
      <subfield code="a">10.25267/Rev_Eureka_ensen_divulg_cienc.2015.v12.i2.04</subfield>
   </datafield>
   <datafield tag="653" ind2=" " ind1=" ">
      <subfield code="a">Ciencia - Estudio y enseñanza secundaria</subfield>
   </datafield>
   <datafield ind2="0" ind1="0" tag="245">
      <subfield code="a">Uso de la publicidad de un producto alimenticio para aprender un modelo sobre las defensas en el intestino humano. Un estudio en 3º de ESO.</subfield>
   </datafield>
</record>
</metadata></record></GetRecord></OAI-PMH>